Corrida para a lua (Registo nº 4392)

Detalhes MARC
000 -Etiqueta do registo
Cabeçalho 00767cam a2200265 4500
005 - Identificador da versão
Campo de controlo 20240813122100.0
010 ## - Número internacional normalizado dos livros (ISBN)
Número (ISBN) 9722219154
021 ## - Número do Depósito Legal
Código do país PT
Número 129566/98
100 ## - Dados gerais de processamento
Dados gerais de processamento 20000329d1999 c y0pory5003 ba
102 ## - Pais de publicação ou produção
País de publicação Portugal
101 1# - Língua de publicação
Língua do texto, banda sonora, etc. Português
Língua do documento no original Inglês
106 ## - Campo de dados codificados: material textual
Dados codificados do material textual r
105 ## - Campo de dados codificados: livros
Dados codificados dos livros a z 001yy
215 ## - Descrição física 
Indicação específica da natureza do documento e extensão da espécie 48 p.
Outras indicações físicas il.
Dimensões 23 cm
200 1# - Titulo e menção de responsabilidade
Título próprio Corrida para a lua
Primeira menção de responsabilidade Philip Wilkinson
Outras menções de responsabilidade trad. Maria Isabel de Mendonça Soares
225 1# - Colecção 
Título próprio da colecção Visual-leituras.
Nome de uma parte ou secção nível 3
210 ## - Publicação, Distribuição, etc. 
Lugar da edição, distribuição, etc. Lisboa
Nome do editor, distribuidor, etc. Verbo
Data da publicação, distribuição, etc. 1999
304 ## - Notas relativas a título e menção de responsabilidade 
Texto da nota Tit. orig.: Eyewitness readers level 3-Spacebuster
675 ## - Classificação Decimal Universal (CDU)
Notação 087.5
Edição BN
Língua da edição por
702 #1 - Nome de autor-pessoa física (responsabilidade secundária)
Número de registo de entrada de autoridade 0000054
Palavra de ordem Soares
Outra parte do nome não tomada para palavra de ordem Maria Isabel de Mendonça
Datas 1922-
Código de função Tradutor
700 #1 - Nome de autor-pessoa física (responsabilidade principal)
Número de registo de entrada de autoridade 0001206
Palavra de ordem Wilkinson
Outra parte do nome não tomada para palavra de ordem Philip
942 ## - Elementos de entrada adicionados (Koha)
Tipo de item no Koha Livro
Exemplares
Situação do levantamento Origin of item (home branch) (coded) Biblioteca de empréstimo Código de barras Cota Circulation type (not for loan) Tipo de documento Nota do exemplar Damaged status
  Biblioteca Escolar das Vendas Biblioteca Escolar das Vendas BEV1625 5AST WIL   Livro Sem mensagem